000
00226 a2200109 4500
001
51233
040
_c
Anchieta - Pituba
240
1
0
_a
Coral Anchieta 2014
_l
245
1
0
_a
Coral Anchieta 2014
650
4
_a
Música
942
_c
MX
999
_c
51233
_d
51233